Kinh nghiệm trồng quýt hồng

Guardado en:
Detalles Bibliográficos
Autor principal: Nguyễn Đồng Quan
Formato: Libro
Lenguaje:Undetermined
Publicado: Đồng Tháp Nxb. Đồng Tháp 1993
Materias:
Etiquetas: Agregar Etiqueta
Sin Etiquetas, Sea el primero en etiquetar este registro!
Thư viện lưu trữ: Trung tâm Học liệu Trường Đại học Cần Thơ
LEADER 00527nam a2200181Ia 4500
001 CTU_13201
008 210402s9999 xx 000 0 und d
082 |a 634 
082 |b Qu105 
100 |a Nguyễn Đồng Quan 
245 0 |a Kinh nghiệm trồng quýt hồng 
245 0 |c Nguyễn Đồng Quan 
260 |a Đồng Tháp 
260 |b Nxb. Đồng Tháp 
260 |c 1993 
650 |a fruit trees,mandarine 
904 |i Minh, 961123 
980 |a Trung tâm Học liệu Trường Đại học Cần Thơ